000
00223nam a22001097a 4500
008
180807b xxu||||| |||| 00| 0 eng d
082
_a
813.52
245
_a
Quicker
260
_c
2002
300
_a
1
_f
CD
942
_2
ddc
_c
MX
999
_c
46910
_d
46910